| 000 | 00871nam a2200229 a 4500 | ||
|---|---|---|---|
| 001 | 81704 | ||
| 003 | BD-RjUL | ||
| 005 | 20230817102308.0 | ||
| 008 | 230816r20212012bg ||||| |||| 00| 0 eng d | ||
| 020 | _a9789381346266 | ||
| 035 | _a(BD-RjUL)81704 | ||
| 040 |
_aBD-RjUL _beng _cBD-RjUL |
||
| 041 | _aben | ||
| 082 |
_223 _a306.8103 _bBHB 2021 |
||
| 100 |
_aভৌমিক, হরিপদ _98379 |
||
| 245 |
_aবিয়ের শব্দকোষ: _bবিয়ের অলঙ্কার রান্নাঘর কুটুম্বিতা / _cহরিপদ ভৌমিক |
||
| 260 |
_aকলকতা : _bগাঙচিল, _c২০১২, [মুদ্রণ ২০২১] |
||
| 300 |
_a২০৭ পৃ.; _c২২ সেমি. |
||
| 650 |
_aবিবাহ _xশব্দকোষ _98380 |
||
| 650 |
_aMarriage _xGlossary _98384 |
||
| 942 |
_2ddc _cREF |
||
| 999 |
_c81704 _d81704 |
||